[Event "Reykjavik Open 2026"]
[Site "Reykjavik"]
[Date "2026.03.26"]
[Round "2.64"]
[White "Brodtkorb, Lars Johan"]
[Black "Ekam, Singh"]
[Result "1-0"]
[WhiteElo "2118"]
[WhiteFideId "1522728"]
[BlackElo "1875"]
[BlackFideId "33334234"]
[Variant "Standard"]

1. d4 (1. e4) 1... Nf6 2. c4 e6 3. Nf3 d5 4. Nc3 Be7 5. cxd5 exd5 6. Bg5 c6 7. e3 Bf5 8. h3 h6 9. Bf4 Nbd7 10. Be2 O-O 11. O-O Re8 12. Re1 Nf8 13. Nd2 Bd6 14. Bxd6 Qxd6 15. Nb3 Ne6 16. Bd3 Bxd3 17. Qxd3 Ng5 18. Rac1 Nfe4 19. Nxe4 Nxe4 20. Nc5 b6 21. Nxe4 Rxe4 22. Re2 Rc8 23. Rec2 Rc7 24. Qb3 Qg6 25. Qa4 Re6 26. b4 Qe4 27. Rc3 Rg6 28. g3 Qf3 29. Qd1 Qf5 30. Kg2 Rf6 31. R1c2 b5 32. Qg4 Qxg4 33. hxg4 a6 34. Ra3 Ra7 35. Ra5 Kf8 36. Rc3 Ke7 37. Rca3 Kd6 38. Rxa6 Rxa6 39. Rxa6 Kc7 40. a4 bxa4 41. Rxa4 Kb6 42. Ra5 Re6 43. Kf3 Rf6+ 44. Ke2 Rg6 45. Rc5 Rd6 46. Kd3 Rf6 47. Ke2 Rd6 48. f3 Rd7 49. Kd3 Ra7 50. b5 Ra3+ 51. Kd2 Ra2+ 52. Kc3 cxb5 53. Rxd5 Rf2 54. Rf5 f6 55. e4 Ka5 56. e5 fxe5 57. dxe5 b4+ 58. Kb3 Re2 59. f4 Re3+ 60. Kc4 Re4+ 61. Kd3 b3 62. Rf8 Re1 63. Kc4 Re4+ 64. Kxb3 Re3+ 65. Kc4 g5 66. Kc5 Ka4 67. Rd8 Rxg3 68. Rd4+ Kb3 69. fxg5 hxg5 70. e6 1-0

[Event "Reykjavik Open 2026"]
[Site "Reykjavik"]
[Date "2026.03.26"]
[Round "2.65"]
[White "Pollitt, Henry"]
[Black "Hammari, Vinjar"]
[Result "½ - ½"]
[WhiteElo "1864"]
[WhiteFideId "2644916"]
[BlackElo "2135"]
[BlackFideId "1552007"]
[Variant "Standard"]

1. e4 e6 2. d4 d5 3. Nd2 h6 4. Ngf3 Nf6 5. Bd3 c5 6. c3 cxd4 7. cxd4 dxe4 8. Nxe4 Bb4+ 9. Bd2 Bxd2+ 10. Qxd2 O-O 11. O-O Bd7 12. Ne5 Bc6 13. Rfe1 Bxe4 14. Bxe4 Nxe4 15. Rxe4 Nd7 16. Rae1 Nxe5 17. Rxe5 Qb6 18. R1e4 Rfd8 19. h3 Rd7 20. Rg4 Kh7 21. Qd3+ g6 22. Qe3 h5 23. Rf4 Re8 24. b3 Kg7 25. Qf3 Ree7 26. d5 Qc7 27. dxe6 Qxe5 28. exd7 Rxd7 29. g3 a6 30. Kg2 Qa1 31. a4 Qc1 32. Rc4 Qb1 33. Rb4 b5 34. axb5 axb5 35. Rxb5 Rd3 36. Qe2 Rd1 37. Qe5+ Kh7 38. Rb8 Rg1+ 39. Kh2 Rh1+ 40. Kg2 Qf1+ 41. Kf3 Qd3+ 42. Kg2 Qf1+ 43. Kf3 Qd1+ 44. Kg2 Rg1+ 45. Kh2 Rh1+ 46. Kg2 Rg1+ 47. Kh2 Rh1+ 48. Kg2 ½ - ½

[Event "Reykjavik Open 2026"]
[Site "Reykjavik"]
[Date "2026.03.26"]
[Round "2.66"]
[White "Bombek, Peter"]
[Black "Kleinert, Juergen"]
[Result "½-½"]
[WhiteElo "2112"]
[WhiteFideId "14902230"]
[BlackElo "1863"]
[BlackFideId "4659180"]
[Variant "Standard"]

1. e4 e5 2. Nf3 Nf6 3. Nc3 Nc6 4. d4 exd4 5. Nxd4 Bc5 6. Be3 Bb6 7. Qd2 O-O 8. f3 Re8 9. O-O-O Qe7 10. g4 Nxd4 11. Bxd4 Bxd4 12. Qxd4 Qe5 13. Bc4 a6 14. Bd5 d6 15. Rd3 Nd7 16. Ne2 Qxd4 17. Nxd4 Ne5 18. Rc3 c6 19. Bb3 Be6 20. Rd1 Rad8 21. h3 g5 22. h4 h6 23. Ne2 Re7 24. hxg5 hxg5 25. Ng3 Bxb3 26. Rxb3 d5 27. Nf5 Red7 28. exd5 cxd5 29. Re3 f6 30. c3 b5 31. Rh1 Rh7 32. Rxh7 Kxh7 33. Nd4 Kg6 34. Kc2 Rh8 35. Re2 Rh3 36. Rf2 Kf7 37. b3 Ke7 38. a4 bxa4 39. bxa4 Kd6 40. Re2 ½-½

[Event "Reykjavik Open 2026"]
[Site "Reykjavik"]
[Date "2026.03.26"]
[Round "2.80"]
[White "Brackmann, Hendrik"]
[Black "Lekoudis, George"]
[Result "½-½"]
[WhiteElo "2060"]
[WhiteFideId "12905135"]
[BlackElo "1814"]
[BlackFideId "484679"]
[Variant "Standard"]

1. e4 c5 2. Nf3 d6 3. d4 cxd4 4. Nxd4 Nf6 5. Nc3 a6 6. Qd3 Nbd7 7. Be2 Nc5 8. Qe3 b5 9. b4 Ncd7 10. O-O Bb7 11. a4 bxa4 12. Rxa4 g6 13. Nb3 Bg7 14. Na5 Bc8 15. Ra2 O-O 16. Nc6 Qe8 17. Nd5 Nxd5 18. exd5 Ne5 19. Bb2 Nxc6 20. Bxg7 Kxg7 21. dxc6 Qxc6 22. Bf3 Qc4 23. Bxa8 Qxa2 24. Qxe7 Qxc2 25. Qxd6 Qc3 26. Bc6 Be6 27. h3 Rc8 28. Bb7 Rc7 29. Bf3 Rc6 ½-½

[Event "Reykjavik Open 2026"]
[Site "Reykjavik"]
[Date "2026.03.26"]
[Round "2.115"]
[White "Steiner, Peter Markus"]
[Black "Scotti, Martin"]
[Result "0-1"]
[WhiteElo "1634"]
[WhiteFideId "12938491"]
[BlackElo "1943"]
[BlackFideId "551035065"]
[Variant "Standard"]

1. b4 (1. e4) (1. f4) 1... e5 2. Bb2 Bxb4 3. Bxe5 Nf6 4. e3 d5 5. Nf3 O-O 6. Be2 c5 7. Bb2 Nc6 8. O-O Re8 9. d3 Qe7 10. Nbd2 d4 11. e4 b5 12. a4 bxa4 13. Rxa4 a5 14. Nc4 Ba6 15. Nfd2 Bb5 16. Ra2 Ne5 17. Na3 Bd7 18. f4 Bxd2 19. Qxd2 Neg4 20. Nc4 Be6 21. Bxg4 Bxc4 22. dxc4 Nxg4 23. Qe2 Ne3 24. Rfa1 Qxe4 25. Bc1 Qxf4 0-1

[Event "Reykjavik Open 2026"]
[Site "Reykjavik"]
[Date "2026.03.26"]
[Round "2.166"]
[White "Horie, Ryosuke"]
[Black "Montalti, Gianluca"]
[Result "0-1"]
[WhiteElo "1533"]
[WhiteFideId "7006438"]
[BlackElo "1737"]
[BlackFideId "39900169"]
[Variant "Standard"]

1. d4 (1. e4) 1... d5 2. c4 e6 3. Nc3 a6 4. a4 dxc4 5. e3 c5 6. Bxc4 Nf6 7. Nf3 Nc6 8. O-O cxd4 9. exd4 Be7 10. Bf4 Nb4 11. Qb3 O-O 12. Rfd1 Nc6 13. d5 Na5 14. Qa2 Nxc4 15. Qxc4 exd5 16. Nxd5 Nxd5 17. Qxd5 Qxd5 18. Rxd5 Be6 19. Rdd1 Bg4 20. Bd6 Bxd6 21. Rxd6 Bxf3 22. gxf3 Rfd8 23. Rad1 Rxd6 24. Rxd6 Rb8 25. Rd7 b5 26. a5 Ra8 27. Kf1 g6 28. Ke2 Kf8 29. Kd3 Ke8 30. Rc7 Rd8+ 31. Kc3 Rd6 32. Ra7 g5 33. Kb4 Rc6 34. Rb7 Rc4+ 35. Kb3 Ra4 36. Rb8+ Ke7 37. Rb7+ Kf8 38. Ra7 Rxa5 39. Kb4 Ra4+ 40. Kc5 Kg7 41. Kb6 Rb4 42. Rxa6 Rxb2 43. Ra5 Rxf2 44. Rxb5 Kg6 45. Rb3 Rxh2 46. Kc6 Rh3 47. Rb6 Rxf3 48. Kd5+ f6 49. Ke4 Rf4+ 50. Kd5 h5 51. Ke6 Re4+ 52. Kd5 Re5+ 53. Kd6 g4 54. Rb8 h4 55. Rg8+ Kf5 56. Rh8 h3 57. Rh5+ Kf4 58. Rh6 f5 59. Rh5 Re2 60. Kd5 h2 0-1